00643nam a2200205Ia 4500008004100000020001800041050001600059100001600075245003000091245005000121260001300171260002800184260000900212300001500221300003500236300001000271300002800281999001900309952010900328170918s9999 xx 000 0 und d a9781444000672 bC652gr 2010 aCoats, Lucy 4aThe monster in the maze / cby Lucy Coats ; illustrated by Anthony Lewis. aLondon : bOrion Children's Books, c2010 a79 pages : bchiefly colored illustration ; c19cm. eGreek beast and heroes. c344324d344324 001040aSSISMbSSISMd2017-09-18l0oGS FIC C652gr 2010pSSISM3396r2017-09-18 00:00:00w2017-09-18yBK